| 000 | 00796nam a22002417a 4500 | ||
|---|---|---|---|
| 005 | 20250515102240.0 | ||
| 008 | 250515b ||||| |||| 00| 0 eng d | ||
| 020 | _a9748496198 | ||
| 040 | _cSSBUL | ||
| 041 | _aEnglish | ||
| 082 |
_223 _a959.105 Li _b25433 S-RH |
||
| 100 | 1 |
_aLintiner, Bertil. _959692 |
|
| 245 | 1 | 0 |
_aBurma in Revolt: _bOpium and Insurgency Since 1948 / _cBertil Lintner. |
| 260 |
_aOxford: _bWestview press, _c1994. |
||
| 300 |
_a514 pages: _bPhoto; _c23 cm. |
||
| 500 | _aS-RH: Mr. Ron Halsey Collectio | ||
| 504 | _aIncludes bibliographical references and index. | ||
| 650 |
_aMyanmar _xPolitics and goverment _y1948 _959693 |
||
| 650 |
_aInsurgency _959694 |
||
| 650 |
_aOpium _vTrade _zMyanmar _959695 |
||
| 650 |
_aEthnic relationd _zMyanmar _959696 |
||
| 942 |
_2ddc _cBK1 |
||
| 999 |
_c43524 _d43524 |
||